000 01038nam a2200241 a 4500
001 000733223
003 AM-YeHGA
005 20250617153113.0
008 100504s1978 ru |||||r|||||000|0|rus|d
040 _aAM-YeHGA
041 0 _arus
100 1 _aБашарин, Карл Георгиевич
245 1 0 _aТуберкулез легких в Якутии :
_b(Патоморфологическое исследование) /
_cК.Г. Башарин ; Ред. Т. И. Крылова.
260 _aЯкутск :
_bЯкутское книжное изд-во,
_c1978.
300 _a125 с. ;
_c20 см.
504 _aБиблиогр.: с. 124-128
650 1 4 _aЛегких туберкулез
_xЭпидемиология
_xКлассификация
_xДиагноз
650 1 4 _aПатологические процессы
650 1 4 _aГистологические методы
650 1 4 _aСравнительные исследования
700 1 _aКрылова, Т.И.
_eред.
_4edt
090 _c386254
999 _c384287
_d384287